Photonic Crystals Towards Nanoscale Photonic Devices /

Just like the periodical crystalline potential in solid state crystals determines their properties for the conduction of electrons, the periodical structuring of photonic crystals leads to envisioning the possibility of achieving a control of the photon flux in dielectric and metallic materials. The...

Full description

Bibliographic Details
Main Authors: Lourtioz, Jean-Michel (Author), Benisty, Henri (Author), Berger, Vincent (Author), Gérard, Jean-Michel (Author), Maystre, Daniel (Author), Tchelnokov, Alexei (Author), Pagnoux, Dominique (Author)
Corporate Author: SpringerLink (Online service)
Format: Electronic eBook
Language:English
Published: Berlin, Heidelberg : Springer Berlin Heidelberg, 2008.
Edition:Second Edition.
Subjects:
Online Access:Full Text via HEAL-Link
LEADER 04414nam a22006375i 4500
001 978-3-540-78347-3
003 DE-He213
005 20151204190449.0
007 cr nn 008mamaa
008 100301s2008 gw | s |||| 0|eng d
020 |a 9783540783473  |9 978-3-540-78347-3 
024 7 |a 10.1007/978-3-540-78347-3  |2 doi 
040 |d GrThAP 
050 4 |a TA1671-1707 
050 4 |a TA1501-1820 
072 7 |a TTBL  |2 bicssc 
072 7 |a TEC019000  |2 bisacsh 
082 0 4 |a 621.36  |2 23 
100 1 |a Lourtioz, Jean-Michel.  |e author. 
245 1 0 |a Photonic Crystals  |h [electronic resource] :  |b Towards Nanoscale Photonic Devices /  |c by Jean-Michel Lourtioz, Henri Benisty, Vincent Berger, Jean-Michel Gérard, Daniel Maystre, Alexei Tchelnokov, Dominique Pagnoux. 
250 |a Second Edition. 
264 1 |a Berlin, Heidelberg :  |b Springer Berlin Heidelberg,  |c 2008. 
300 |a XVIII, 514 p. 181 illus., 30 illus. in color.  |b online resource. 
336 |a text  |b txt  |2 rdacontent 
337 |a computer  |b c  |2 rdamedia 
338 |a online resource  |b cr  |2 rdacarrier 
347 |a text file  |b PDF  |2 rda 
505 0 |a Theoretical Models for Photonic Crystals -- Models for Infinite Crystals -- Models for Finite Crystals -- Quasi-Crystals and Archimedean Tilings -- Specific Features of Metallic Structures -- Optical Properties of Photonic Crystals -- Control of Electromagnetic Waves -- Refractive Properties of Photonic Crystals and Metamaterials -- Confinement of Light in Zero-Dimensional Microcavities -- Nonlinear Optics with Photonic Crystals -- Fabrication, Characterization and Applications of Photonic Bandgap Structures -- Planar Integrated Optics -- Microsources -- Photonic Crystal Fibres -- Three-Dimensional Structures in Optics -- Microwave and Terahertz Antennas and Circuits -- Conclusion and Perspectives. 
520 |a Just like the periodical crystalline potential in solid state crystals determines their properties for the conduction of electrons, the periodical structuring of photonic crystals leads to envisioning the possibility of achieving a control of the photon flux in dielectric and metallic materials. The use of photonic crystals as cages for storing, filtering or guiding light at the wavelength scale paves the way to the realization of optical and optoelectronic devices with ultimate properties and dimensions. This will contribute towards meeting the demands for greater miniaturization imposed by the processing of an ever increasing number of data. Photonic Crystals will provide students and researchers from different fields with the theoretical background required for modelling photonic crystals and their optical properties, while at the same time presenting the large variety of devices, ranging from optics to microwaves, where photonic crystals have found application. As such, it aims at building bridges between optics, electromagnetism and solid state physics. Photonic Crystals was written by six specialists of nanophotonics, with the contribution of a specialist in optical fibres. This second edition was prepared to include the most recent developments of two-dimensional photonic crystal devices, as well as some of the last results reported on metamaterials. The work was coordinated by Jean-Michel Lourtioz, head of the Institut d'Électronique Fondamentale in Orsay. 
650 0 |a Physics. 
650 0 |a Lasers. 
650 0 |a Photonics. 
650 0 |a Optics. 
650 0 |a Optoelectronics. 
650 0 |a Plasmons (Physics). 
650 0 |a Microwaves. 
650 0 |a Optical engineering. 
650 0 |a Optical materials. 
650 0 |a Electronic materials. 
650 1 4 |a Physics. 
650 2 4 |a Laser Technology, Photonics. 
650 2 4 |a Optical and Electronic Materials. 
650 2 4 |a Optics, Optoelectronics, Plasmonics and Optical Devices. 
650 2 4 |a Microwaves, RF and Optical Engineering. 
700 1 |a Benisty, Henri.  |e author. 
700 1 |a Berger, Vincent.  |e author. 
700 1 |a Gérard, Jean-Michel.  |e author. 
700 1 |a Maystre, Daniel.  |e author. 
700 1 |a Tchelnokov, Alexei.  |e author. 
700 1 |a Pagnoux, Dominique.  |e author. 
710 2 |a SpringerLink (Online service) 
773 0 |t Springer eBooks 
776 0 8 |i Printed edition:  |z 9783540783466 
856 4 0 |u http://dx.doi.org/10.1007/978-3-540-78347-3  |z Full Text via HEAL-Link 
912 |a ZDB-2-PHA 
950 |a Physics and Astronomy (Springer-11651)